| 000 | 00896naa a2200277 c 4500 | ||
|---|---|---|---|
| 001 | 40414 | ||
| 003 | ES-MaCES | ||
| 005 | 20100618100100.0 | ||
| 008 | 100617n2010 fr t 000 | fre d | ||
| 035 | _aCES20100007524v | ||
| 040 |
_aES-MaCES _bspa _cES-MaCES |
||
| 100 | 1 |
_aDewbre, Joe _910630 |
|
| 245 | 1 | 3 |
_aLa sécurité alimentaire _cJoe Dewbre |
| 650 | 4 |
_apapel de la FAO _930604 |
|
| 650 | 4 |
_alucha contra la pobreza _930648 |
|
| 650 | 4 |
_aeconomía agraria _927486 |
|
| 650 | 4 |
_aconsumo _927907 |
|
| 650 | 4 |
_aproducción alimentaria _927664 |
|
| 650 | 4 |
_aseguridad alimentaria _928667 |
|
| 650 | 4 |
_aalimento _928659 |
|
| 653 | 1 | 0 | _aAgricultura-Ganadería |
| 773 | 0 |
_tL'observateur de l'OCDE _gnº 278 (mars 2010){10173 R. 076927}; p. 22-23 _w(ES-MaCES)25190 _940970 |
|
| 902 | _aART Artículo de revista | ||
| 942 |
_2CES _cAR _h5.0. |
||
| 999 |
_c40414 _d40414 |
||